00406nam a2200145Ia 4500100003600000942000700036654001400043245002700057260002500084082001800109300000800127546001200135999001700147952009600164 aLochner/ Robert H/ Matar/ J.E.  cBK aDesigning aDesigning for Quality bChapman & Hallc1990 a620.0028bLOC a241 aENGLISH c29615d29615 001040708CRCaCRCEbCRCEd2023-03-17l0o620.0028 LOCp11087r2023-03-17w2023-03-17yBK